000 00718nam a2200253Ia 4500
003 OSt
005 20220918164920.0
006 a|||||r|||| 00| 0
007 ta
008 220917b |||||||| |||| 00| 0 eng d
020 _a0813391148 (pbk)
024 _a194,078
037 _cTextual
040 _aARTS
_cARTS
_beng
041 _2eng
_aeng
082 _aW6, P1
100 _aValadez Jorge M.
_921666
245 0 _aDeliberative democracy, political legitimacy and self-determination in multicultural societies
260 _aUSA
_bWestview press
_c2001
300 _axiv;386p.
_ccm.
650 _aPOLITICAL SCIENCE
942 _hW6, P1
_cTEXL
_2CC
999 _c127389
_d127389